000 00691nam a2200253Ia 4500
008 180620s9999 xx 000 0 und d
020 _a978-0-7432-81-69-0
050 _aREF TT 507
050 _b.B67 2005
100 _aBoston, Lloyd.
245 0 _aBefore you put that on :
245 0 _b365 daily style tips for her /
245 0 _cwritten and illustrated by Lloyd Boston.
260 _aNew York :
260 _bAtria Books,
260 _c2005
300 _a368 pages :
300 _bcolored illustrations ;
300 _c26 cm.
500 _aIncludes bibliographical references.
650 _aClothing and dress.
650 _aFashion.
650 _xWomen's clothing.
999 _c358038
_d358038